Письмо французского поверенного в делах о доставлении для французского Министерства народного просвещения сведений о состоянии д...

Доступно только в Электронных читальных залах Найти на картеНа карте
RUSMARC
00003683nmc2a22002413x 450
001be145bdc-15c3-4fb9-9ce8-c2b1410ddf7f
00520230810175413.0
100##$a20221221l18641864k l0rusy0189 ca
1010#$arus
102##$aRU
105##$ay###
1222#$ad
2001#$aПисьмо французского поверенного в делах о доставлении для французского Министерства народного просвещения сведений о состоянии дела народного образования в России и ответное письмо министра народного просвещения
$j4-8 августа 1864 г.
215##$a3 л.
$d36,5х26 см
251##$cДело
300##$aДело
371##$aДокумент не является опубликованным и широко распространяемым
461#0$1001a74412a3-3cc5-4d21-8f0a-dfe2fbd9e72d
$12001
$aДепартамент народного просвещения Министерства народного просвещения (1803-1917)
$1251
$cФонд
$1852
$j733
462#0$1001eee5cd01-9790-469a-9945-6bffddbc7761
$12001
$aРазряд общих дел
$1251
$cОпись
$1852
$j228
801#0$aRU
$bРГИА
$c20221221
$gRCR
801#1$aRU
$bГлавНИВЦ
$c20221221
$2rusmarc
801#2$aRU
$bПБ им. Б.Н. Ельцина
$c20230810
$gRCR
$2rusmarc
850##$aРГИА
852##$aРГИА
$eФедеральное казенное учреждение "Российский государственный исторический архив" (РГИА)
$j2
937##$hРГИА
$d12396433
$aASBIBLIO_SCAN
035##$aRusGRCC00058789
856##$uhttp://readingroom.main.prlib.ru/item.aspx?id_node=n187144117&mode=full
Формат отображения